<?xml version="1.0" encoding="UTF-8"?><?xml-stylesheet type="text/xsl" href="static/style.xsl"?><OAI-PMH xmlns="http://www.openarchives.org/OAI/2.0/" xmlns:xsi="http://www.w3.org/2001/XMLSchema-instance" xsi:schemaLocation="http://www.openarchives.org/OAI/2.0/ http://www.openarchives.org/OAI/2.0/OAI-PMH.xsd"><responseDate>2026-06-05T20:37:32Z</responseDate><request verb="GetRecord" identifier="oai:riuma.uma.es:10630/45416" metadataPrefix="marc">https://riuma.uma.es/rest/oai/request</request><GetRecord><record><header><identifier>oai:riuma.uma.es:10630/45416</identifier><datestamp>2026-02-13T00:47:19Z</datestamp><setSpec>com_10630_2254</setSpec><setSpec>col_10630_37953</setSpec></header><metadata><record xmlns="http://www.loc.gov/MARC21/slim" xmlns:dcterms="http://purl.org/dc/terms/" xmlns:doc="http://www.lyncode.com/xoai" xmlns:xsi="http://www.w3.org/2001/XMLSchema-instance" xsi:schemaLocation="http://www.loc.gov/MARC21/slim http://www.loc.gov/standards/marcxml/schema/MARC21slim.xsd">
   <leader>00925njm 22002777a 4500</leader>
   <datafield ind2=" " ind1=" " tag="042">
      <subfield code="a">dc</subfield>
   </datafield>
   <datafield ind2=" " ind1=" " tag="720">
      <subfield code="a">Trigueros-Cano, Francisco Javier</subfield>
      <subfield code="e">author</subfield>
   </datafield>
   <datafield ind2=" " ind1=" " tag="720">
      <subfield code="a">Molina-Saorín, Jesús</subfield>
      <subfield code="e">author</subfield>
   </datafield>
   <datafield ind2=" " ind1=" " tag="720">
      <subfield code="a">López-García, Alejandro</subfield>
      <subfield code="e">author</subfield>
   </datafield>
   <datafield ind2=" " ind1=" " tag="720">
      <subfield code="a">Álvarez-Martínez-Iglesias, José María</subfield>
      <subfield code="e">author</subfield>
   </datafield>
   <datafield ind2=" " ind1=" " tag="260">
      <subfield code="c">2022-05-26</subfield>
   </datafield>
   <datafield ind2=" " ind1=" " tag="520">
      <subfield code="a">The aim of this paper is to identify the most suitable activities and exercises for the development of historical knowledge and skills and their subsequent evaluation. On this basis, a quantitative study has been carried out among primary and secondary school teachers in several Spanish regions in which their perception of what types of exercises and activities (of those proposed in their History or Social Science classes) are most suitable for assessing the historical knowledge and skills that students are expected to acquire has been extracted. The results show that exercises involving the interpretation of texts and images which require students to think about and apply the historical knowledge acquired are very useful, as are questions which seek historical explanation and causal reasoning; however, objective tests (multiple-choice tests, linking dates with events, etc.) or short questions about historical events or characters are not considered to be very suitable for the adequate development of historical knowledge and, therefore, of historical competences. Broadly speaking, it is recommended that this line of research be continued so that other authors can replicate these findings, deepening their knowledge of these instruments, whose didactic commitment could serve as an argument in the face of the excessive time pressure faced by today’s teachers.</subfield>
   </datafield>
   <datafield ind1="8" ind2=" " tag="024">
      <subfield code="a">Trigueros-Cano, F. J., Molina-Saorín, J., López-García, A. and Álvarez-Martínez-Iglesias, J. M. (2022). Primary and Secondary School Teachers’ Perception of the Assessment of Historical Knowledge and Skills Based on Classroom Activities and Exercises. Frontiers in Education, 7, 866912. https://doi.org/10.3389/feduc.2022.866912</subfield>
   </datafield>
   <datafield ind1="8" ind2=" " tag="024">
      <subfield code="a">2504-284X</subfield>
   </datafield>
   <datafield ind1="8" ind2=" " tag="024">
      <subfield code="a">https://hdl.handle.net/10630/45416</subfield>
   </datafield>
   <datafield ind1="8" ind2=" " tag="024">
      <subfield code="a">10.3389/feduc.2022.866912</subfield>
   </datafield>
   <datafield tag="653" ind2=" " ind1=" ">
      <subfield code="a">Historia - Estudio y enseñanza</subfield>
   </datafield>
   <datafield tag="653" ind2=" " ind1=" ">
      <subfield code="a">Ciencias sociales - Estudio y enseñanza</subfield>
   </datafield>
   <datafield ind2="0" ind1="0" tag="245">
      <subfield code="a">Primary and Secondary School Teachers’ Perception of the Assessment of Historical Knowledge and Skills Based on Classroom Activities and Exercises</subfield>
   </datafield>
</record>
</metadata></record></GetRecord></OAI-PMH>